书目信息 |
| 题名: |
公理集合论导引
|
|
| 作者: | 张锦文 著 | |
| 分册: | ||
| 出版信息: | 北京 科学出版社 1991.01 |
|
| 页数: | 351页 | |
| 开本: | 32开 | |
| 丛书名: | 现代数学基础丛书 | |
| 单 册: | ||
| 中图分类: | O144.3 | |
| 科图分类: | ||
| 主题词: | 数理逻辑 , 数学基础 | |
| 电子资源: | ||
| ISBN: | 7-03-001849-4 | |
| 000 | 00604nam0 2200229 45 | |
| 001 | 0009271020 | |
| 005 | 20031219104046.4 | |
| 010 | @a7-03-001849-4@dCNY20.00 | |
| 100 | @a20000927d1991 km y0chiy0120 ea | |
| 101 | 0 | @achi |
| 105 | @a z 000yy | |
| 200 | 1 | @a公理集合论导引@f张锦文著@FZhang Jin Wen Zhu |
| 210 | @a北京@c科学出版社@d1991.01 | |
| 215 | @a351页@d32开 | |
| 225 | @a现代数学基础丛书 | |
| 410 | @12001 @a现代数学基础丛书 | |
| 606 | 0 | @a数理逻辑 |
| 606 | 0 | @a数学基础 |
| 690 | @aO144.3@v1 | |
| 701 | 0 | @a张锦文@4著 |
| 801 | @aCN@bTSTC@c20000927 | |
| 905 | @b291022-026@dO144.3@e49@f5 | |
| 公理集合论导引/张锦文著.-北京:科学出版社,1991.01 |
| 351页;32开.-(现代数学基础丛书) |
| ISBN 7-03-001849-4:CNY20.00 |
| ● |
| 相关链接 |
|
|
|
|
正题名:公理集合论导引
索取号:O144.3/49
 
预约/预借
| 序号 | 登录号 | 条形码 | 馆藏地/架位号 | 状态 | 备注 |
| 1 | 0291022 | 002910229 | 第三借阅区/ [索取号:O144.3/49] | 在馆 | |
| 2 | 0291023 | 002910238 | 第三借阅区/ [索取号:O144.3/49] | 在馆 | |
| 3 | 0291024 | 002910247 | 第三借阅区/ [索取号:O144.3/49] | 在馆 | |
| 4 | 0291025 | 002910256 | 第三借阅区/ [索取号:O144.3/49] | 在馆 | |
| 5 | 0291026 | 002910265 | 第二样本阅览室/ [索取号:O144.3/49] | 在馆 |